000 00542nam a2200205Ia 4500
008 170918s9999 xx 000 0 und d
020 _a9780545703055
050 _bH466 2013
100 _aHeiligman, Deborah
245 4 _aThe boy who loved math :
245 _bthe improbable life of Paul Erdos /
245 _cby Deborah Heiligman ; pictures by LeUyen Pham.
260 _aNew York :
260 _bScholastic,
260 _c2013
300 _a37 pages :
300 _bcolored illustration ;
300 _c25cm.
500 _a550
999 _c342783
_d342783